Who's That With Barack Obama? Quiz Stats

Quiz Updated May 19, 2015

Challenge
Share
Tweet
Score 0/24 Timer 05:00
0 Plays Today
Famous Person % Correct
Oprah Winfrey
97.7%
Queen Elizabeth II
94.4%
Beyoncé Knowles
94.3%
George Clooney
92.7%
Justin Bieber
89.5%
Whoopi Goldberg
89.1%
Prince William
86.9%
Jimmy Fallon
84.4%
Will Ferrell
84%
Neil Patrick Harris
79.8%
Ben Affleck
77.6%
David Beckham
77.5%
Famous Person % Correct
Justin Timberlake
76.3%
LeBron James
75.3%
Usher
75.1%
Robert De Niro
74.4%
Dalai Lama
73.2%
Denzel Washington
70.8%
Steven Spielberg
70.3%
Jon Stewart
69.2%
Clint Eastwood
68.5%
Bruce Springsteen
54.7%
Warren Buffett
31.5%
James Taylor
21.5%

You're not logged in!

Compare scores with friends on all Sporcle quizzes.
Sign Up with Email
OR
Log In

You Might Also Like...

Show Comments

Extras

Top Quizzes Today


Score Distribution

Your Account Isn't Verified!

In order to create a playlist on Sporcle, you need to verify the email address you used during registration. Go to your Sporcle Settings to finish the process.